Northern Cyprus Country Quiz - Statistics

General Stats
  • This quiz has been taken 159 times
    155 since last reset
  • The average score is 9 of 20
Answer Stats
Hint Answer % Correct
Recognised by Turkey
92%
Official language Turkish
91%
Currency Turkish lira
84%
Sea it is in Mediterranean Sea
77%
Claimant country Cyprus
76%
Main sport Soccer
69%
Capital North Nicosia
53%
Second largest city Famagusta
52%
Main religion (includes subdivision) Sunni Islam
49%
Dish made from skewered lamb or herbs and spices Kebab
42%
Largest mountain range Kyrenia Mountains
39%
Only functioning airport Ercan International Airport
34%
Northern Cyprus has the largest painted {flag} on Earth Northern Cyprus has the largest painted {flag} on Earth
31%
Prime Minister Ersin Tatar
28%
Peninsula it is on Karpass Peninsula
17%
President Mustafa Akıncı
16%
Plant on the coat of arms Olive branch
12%
Animal on the coat of arms Dove
11%
Highest point Mount Selvili
6%
Longest river Pedieos River
3%
No matching quizzes found
Score Distribution
Percent of People with Each Score
Percentile by Number Answered
Your Score History
You have not taken this quiz since the last reset